000 00338nam a2200145Ia 4500
005 20251222175922.0
008 251222s9999||||xx |||||||||||||| ||spa||
020 _a8467204117
082 _a863.64/P79
100 _aPosadas, Carmen
245 0 _aEl Buen Sirviente
250 _a1ra.ed.
264 _bCĂ­rculo de Lectores
942 _cLIB
999 _c40716
_d40716